| 000 | 01273nam a22002777a 4500 | ||
|---|---|---|---|
| 003 | OSt | ||
| 005 | 20221117100328.0 | ||
| 007 | cr ||||||a|c|a | ||
| 008 | 221117s2020 mx |dbefom||| 001 0 spa d | ||
| 040 | _erda | ||
| 100 |
_9185644 _aRomero Flores, Ameyalli Kasandra |
||
| 245 | 1 |
_aAnálisisi de las motivaciones de productores pertenecientes a circuitos cortos de comercialización bajo el enfoque de la economía conductual / _cpor Ameyalli kasandra Romero Flores; director de tesis Miguel Ángel Martínez Damián |
|
| 264 |
_aChapingo, México : _bEl autor, _c2020. |
||
| 300 |
_a1 recurso en línea (96 páginas). _bcuadros, gráficas, mapas, planos |
||
| 336 |
_2rdacontent _atexto _btxt |
||
| 337 |
_2rdamedia _acomputadora _bc |
||
| 338 |
_2rdacarrier _arecurso en línea _bcr |
||
| 502 |
_bMCEARN _cDICEA _d2020. _gMAE |
||
| 504 | _aIncluye referencias bibliográficas:85-88 páginas | ||
| 650 | 7 |
_992000 _aProductos agrícolas _xMercados |
|
| 650 | 2 |
_9131904 _aAgricultura orgánica _xDesarrollo sustentable |
|
| 650 | 7 |
_94319 _aAlimentos orgánicos _xMercadeo |
|
| 700 | 0 |
_971963 _aMartínez Damián, Miguel Ángel _eDirector de tesis |
|
| 856 |
_uhttp:/10.13.5.2/tesis/archivo.pdf _zDESCARGAR PDF |
||
| 942 |
_2Clasificación Universidad Autónoma Chapingo _cTD |
||
| 999 |
_c217822 _d217822 |
||